000 00479nam a22001817a 4500
003 CEME
005 20210628203118.0
008 210219b xxu||||| |||| 00| 0 eng d
020 _a0-7513-02-619
040 _c.
082 _a200 BOW
100 _aBowker, John
_963377
245 _aWorld religions, the great faiths explored and explained
260 _aNEW YORK
_bDORLING KINDERSLEY
_c1997
300 _a200P
650 _aRELIGIONS OF THE WORLD
_963378
942 _cBK
_2ddc
999 _c572220
_d572220